Pięć państw z największą liczbą turystów według kontynentu - Statystyki

Ogólne statystyki
  • Ten quiz został rozwiązany 5 919 razy
  • Średni wynik to 25 z 30
Statystyki odpowiedzi
Kontynent # Państwo % Poprawnych
Europa 100 mln Francja
98%
Europa 85,2 mln Hiszpania
98%
Afryka 14,9 mln Egipt
97%
Ameryka Północna 66,5 mln Stany Zjednoczone
97%
Europa 57,2 mln Włochy
97%
Oceania 7,2 mln Australia
96%
Ameryka Północna 18,3 mln Kanada
96%
Ameryka Południowa 5,9 mln Brazylia
95%
Ameryka Północna 41,9 mln Meksyk
95%
Ameryka Południowa 7,3 mln Argentyna
94%
Europa 34,8 mln Niemcy
94%
Oceania 8 mln Nowa Zelandia
93%
Europa 37,2 mln Wielka Brytania
93%
Afryka 8,5 mln Republika Południowej Afryki
92%
Afryka 14,5 mln Maroko
90%
Ameryka Południowa 3,7 m Chile
89%
Ameryka Południowa 5,6 mln Kolumbia
86%
Azja 32,2 mln Indie
85%
Afryka 9,4 mln Tunezja
85%
Ameryka Północna 4,3 mln Kuba
81%
Azja 28,2 mln Tajlandia
79%
Ameryka Południowa 3,8 mln Urugwaj
78%
Azja 55,2 mln Turcja
77%
Azja 28,2 mln Zjednoczone Emiraty Arabskie
71%
Ameryka Północna 8,1 mln Dominikana
70%
Afryka 2,2 mln Algieria
69%
Oceania 0,93 mln Fidżi
67%
Azja 27,4 mln Arabia Saudyjska
65%
Oceania 0,16 mln Papua-Nowa Gwinea
59%
Oceania 0,17 mln Samoa
48%
Nie znaleziono quizów pasujących do podanych kryteriów
Rozkład punktacji
Procent ludzi z każdym wynikiem
Percentyl według liczby udzielonych odpowiedzi
Twoja historia wyników
Nie rozwiązałeś tego quizu